000 00196nam a22000977a 4500
999 _c15979
_d15979
003 OSt
008 191025b ||||| |||| 00| 0 eng d
100 _aVeeran.
_94326
245 _aVeeran
942 _cBK